الاساليب الكمية في التسويق/ (رقم التسجيلة. 29282)

تفاصيل مارك
000 -الفاتح
حقل البيانات ثابتة الطول 00706nam a22001937a 4500
003 - محدد رقم الضبط
رقم الضبط OSt
005 - وقت وتاريخ اخر تعامل مع التسجيلة
رقم الضبط 20150408114128.0
008 - عناصر البيانات ثابتة الطول - معلومات عامة
حقل البيانات ثابتة الطول 130319t 2004jo ||||f |||| 00| 0 ara d
040 ## - مصدر الفهرسة
وكالة الفهرسة الأصلية Ma-ua
082 ## - رقم تصنيف ديوى العشرى
رقم التصنيف 658.8 ف م أ
100 ## - المدخل الرئيسى - إسم شخصى
الإسم الشخصى الفضل، مؤيد عبد الحسين
245 ## - بيان العنوان
العنوان الاساليب الكمية في التسويق/
بيان المسئوليه,etc مؤيد عبد الحسين الفضل ؛ علي عبد الرضا الجياشي
الوسيط
260 ## - PUBLICATION, DISTRIBUTION, ETC. (IMPRINT)
مكان الناشر او الموزع عمان، الاردن
اسم الناشر او الموزع المؤلفان
تاريخ النشر أو التوزيع 2004
300 ## - الوصف المادى
التعداد 477 ص :
تفاصيل ماديه اخرى للوعاء ايض. ؛
أبعاد الوعاء 24 سم
650 ## - المدخل الاضافى بالموضوع-مصطلح موضوعى
مصدر الرأس أو المصطلح إدارة التسويق
650 ## - المدخل الاضافى بالموضوع-مصطلح موضوعى
مصدر الرأس أو المصطلح إدارة المبيعات
700 ## - المدخل الاضافى - اسم شخصى
الإسم الشخصى الجياشي، علي عبد الرضا
9 (RLIN) 12320
942 ## - عناصر المدخل الإضافي( كوها)
مصدر التصنيف او مخطط الترفيف Dewey Decimal Classification
Koha [default] item type كتاب
المقتنيات
حالة الفقد نموذج السعر الفعال حالة تلف ليس للاعارة رقم الطلب رقم النسخة تاريخ الاكتساب الموقع الحالي الباركود الفرع الرئيسي Date last seen نوع المادة فى نظام كوها مصدر التصنيف او خطة الترفيف Total Checkouts
  2013-03-19   Not For Loan 658.8 ف م أ 1 2013-03-19 المكتبة المركزية بالمجمعة (CL) 00305897 المكتبة المركزية بالمجمعة (CL) 2013-03-19 كتاب Dewey Decimal Classification  
  2013-03-19     658.8 ف م أ 2 2013-03-19 المكتبة المركزية بالمجمعة (CL) 00305896 المكتبة المركزية بالمجمعة (CL) 2013-03-19 كتاب Dewey Decimal Classification  
  2013-03-19     658.8 ف م أ 3 2013-03-19 المكتبة المركزية بالمجمعة (CL) 00305895 المكتبة المركزية بالمجمعة (CL) 2013-03-19 كتاب Dewey Decimal Classification  
  2013-03-19   Not For Loan 658.8 ف م أ 1 2013-03-19 مكتبة مجمع الطالبات بالمجمعة (EMF) 00305894 مكتبة مجمع الطالبات بالمجمعة (EMF) 2013-03-19 كتاب Dewey Decimal Classification